[Event "DEM U8 2024"]
[Site "Willingen GER"]
[Date "2024.05.25"]
[Round "7"]
[White "Rudnizki, Valentin"]
[Black "Schimming, Wilhelm"]
[Result "0-1"]
[Termination "normal"]
[Board "7"]
[WhiteElo "1319"]
[BlackElo "1242"]
[WhiteClock "00:49:54"]
[BlackClock "00:57:39"]
[PlyCount "108"]
[WhiteFideId "34673369"]
[BlackFideId "34662030"]
[EventCountry "GER"]
[EventRounds "7"]
[EventType "swiss"]
[EventDate "2024.05.21"]

1. e4 {[%emt 00:00:14]} c5 {[%clk 01:00:19]} 2. c3 {[%clk 01:00:36]} {[%emt
00:00:07]} Nf6 {[%clk 00:59:00]} {[%emt 00:01:34]} 3. e5 {[%clk 01:00:38]}
{[%emt 00:00:13]} Nd5 {[%clk 00:58:54]} {[%emt 00:00:22]} 4. d4 {[%clk
01:00:35]} {[%emt 00:00:17]} cxd4 {[%clk 00:59:05]} {[%emt 00:00:04]} 5. cxd4
{[%clk 01:00:40]} {[%emt 00:00:10]} Nc6 {[%clk 00:58:26]} {[%emt 00:00:53]} 6.
Nf3 {[%clk 01:00:30]} {[%emt 00:00:25]} d6 {[%clk 00:58:35]} {[%emt 00:00:07]}
7. Bc4 {[%emt 00:00:17]} Nb6 {[%clk 00:58:43]} {[%emt 00:00:05]} 8. Bb3 {[%clk
01:00:34]} {[%emt 00:00:10]} dxe5 {[%clk 00:58:36]} {[%emt 00:00:22]} 9. dxe5
{[%clk 01:00:40]} {[%emt 00:00:09]} Qxd1+ {[%clk 00:58:46]} {[%emt 00:00:05]}
10. Bxd1 {[%clk 01:00:32]} {[%emt 00:00:23]} Bf5 {[%clk 00:58:34]} {[%emt
00:00:28]} 11. Nc3 {[%clk 01:00:06]} {[%emt 00:00:40]} e6 {[%clk 00:58:06]}
{[%emt 00:00:43]} 12. O-O {[%clk 00:59:29]} {[%emt 00:00:52]} Bb4 {[%clk
00:58:05]} {[%emt 00:00:16]} 13. Bd2 {[%clk 00:59:18]} {[%emt 00:00:26]} O-O-O
{[%clk 00:58:06]} {[%emt 00:00:16]} 14. Bb3 {[%clk 00:59:08]} {[%emt 00:00:25]}
Bg4 {[%clk 00:58:13]} {[%emt 00:00:08]} 15. Rad1 {[%clk 00:58:51]} {[%emt
00:00:32]} Bxf3 {[%clk 00:58:18]} {[%emt 00:00:10]} 16. gxf3 {[%clk 00:58:47]}
{[%emt 00:00:19]} Nxe5 {[%clk 00:58:28]} {[%emt 00:00:04]} 17. Kg2 {[%clk
00:58:26]} {[%emt 00:00:36]} Rd3 {[%clk 00:58:32]} {[%emt 00:00:11]} 18. a3
{[%clk 00:58:19]} {[%emt 00:00:23]} Bxc3 {[%clk 00:58:09]} {[%emt 00:00:38]}
19. Bxc3 {[%clk 00:58:17]} {[%emt 00:00:16]} Rxf3 {[%clk 00:58:18]} {[%emt
00:00:06]} 20. Bxe5 {[%clk 00:57:48]} {[%emt 00:00:44]} Rxb3 {[%clk 00:58:28]}
{[%emt 00:00:06]} 21. Rc1+ {[%clk 00:57:52]} {[%emt 00:00:11]} Kd8 {[%clk
00:58:15]} {[%emt 00:00:27]} 22. Bc7+ {[%clk 00:57:41]} {[%emt 00:00:26]} Ke7
{[%clk 00:58:23]} {[%emt 00:00:07]} 23. Be5 {[%clk 00:56:04]} {[%emt 00:01:52]}
Nd5 {[%clk 00:57:19]} {[%emt 00:01:20]} 24. f4 {[%clk 00:54:38]} {[%emt
00:01:39]} Ne3+ {[%clk 00:57:27]} {[%emt 00:00:08]} 25. Kf2 {[%clk 00:54:31]}
{[%emt 00:00:22]} Nxf1 {[%clk 00:57:36]} {[%emt 00:00:05]} 26. Kxf1 {[%clk
00:54:37]} {[%emt 00:00:09]} Rd8 {[%clk 00:57:37]} {[%emt 00:00:14]} 27. Bxg7
{[%clk 00:54:03]} {[%emt 00:00:49]} Rf3+ {[%clk 00:57:36]} {[%emt 00:00:17]}
28. Ke2 {[%clk 00:53:43]} {[%emt 00:00:35]} Rxf4 {[%clk 00:57:44]} {[%emt
00:00:06]} 29. Bh6 {[%clk 00:53:41]} {[%emt 00:00:17]} Rf5 {[%clk 00:57:43]}
{[%emt 00:00:16]} 30. Rc7+ {[%clk 00:53:20]} {[%emt 00:00:35]} Rd7 {[%clk
00:57:54]} {[%emt 00:00:05]} 31. Rc8 {[%clk 00:52:23]} {[%emt 00:01:12]} Kd6
{[%clk 00:57:17]} {[%emt 00:00:52]} 32. Bf8+ {[%clk 00:52:10]} {[%emt
00:00:28]} Ke5 {[%clk 00:56:59]} {[%emt 00:00:33]} 33. Rc5+ {[%clk 00:51:55]}
{[%emt 00:00:29]} Kf6 {[%clk 00:57:08]} {[%emt 00:00:06]} 34. Rc3 {[%clk
00:51:39]} {[%emt 00:00:31]} Re5+ {[%clk 00:56:16]} {[%emt 00:01:08]} 35. Kf3
{[%clk 00:51:20]} {[%emt 00:00:33]} Rd2 {[%clk 00:56:10]} {[%emt 00:00:22]} 36.
h4 {[%clk 00:50:28]} {[%emt 00:01:05]} Rxb2 {[%clk 00:56:03]} {[%emt 00:00:22]}
37. Bb4 {[%clk 00:50:27]} {[%emt 00:00:17]} a5 {[%clk 00:55:56]} {[%emt
00:00:23]} 38. Bd6 {[%clk 00:50:23]} {[%emt 00:00:19]} Reb5 {[%clk 00:55:34]}
{[%emt 00:00:38]} 39. Re3 {[%clk 00:50:04]} {[%emt 00:00:32]} R2b3 {[%clk
00:55:34]} {[%emt 00:00:15]} 40. Rxb3 {[%clk 00:49:41]} {[%emt 00:00:38]} Rxb3+
{[%clk 00:55:44]} {[%emt 00:00:06]} 41. Kf4 {[%clk 00:49:48]} {[%emt 00:00:08]}
b5 {[%clk 00:55:40]} {[%emt 00:00:20]} 42. Be5+ {[%clk 00:49:31]} {[%emt
00:00:31]} Ke7 {[%clk 00:55:50]} {[%emt 00:00:05]} 43. Bd4 {[%clk 00:49:05]}
{[%emt 00:00:41]} b4 {[%clk 00:55:55]} {[%emt 00:00:10]} 44. axb4 {[%emt
00:00:14]} Rxb4 {[%clk 00:56:04]} {[%emt 00:00:05]} 45. Ke3 {[%clk 00:49:10]}
{[%emt 00:00:11]} Rxd4 {[%clk 00:56:12]} {[%emt 00:00:07]} 46. Kxd4 {[%clk
00:49:11]} {[%emt 00:00:15]} a4 {[%clk 00:56:24]} {[%emt 00:00:04]} 47. Kc3
{[%clk 00:49:18]} {[%emt 00:00:07]} e5 {[%clk 00:56:36]} {[%emt 00:00:03]} 48.
h5 {[%clk 00:49:24]} {[%emt 00:00:09]} a3 {[%clk 00:56:47]} {[%emt 00:00:05]}
49. Kb3 {[%clk 00:49:32]} {[%emt 00:00:06]} e4 {[%clk 00:56:59]} {[%emt
00:00:04]} 50. Kxa3 {[%clk 00:49:42]} {[%emt 00:00:04]} e3 {[%clk 00:57:10]}
{[%emt 00:00:04]} 51. Kb4 {[%clk 00:49:43]} {[%emt 00:00:14]} e2 {[%clk
00:57:19]} {[%emt 00:00:06]} 52. Kc4 {[%clk 00:49:43]} {[%emt 00:00:15]} f5
{[%clk 00:57:28]} {[%emt 00:00:07]} 53. Kc3 {[%clk 00:49:49]} {[%emt 00:00:09]}
e1=Q+ {[%clk 00:57:28]} {[%emt 00:00:12]} 54. Kc4 {[%clk 00:49:54]} {[%emt
00:00:13]} Qd2 {[%clk 00:57:39]} {[%emt 00:00:04]} 0-1

[Event "DEM U8 2024"]
[Site "Willingen GER"]
[Date "2024.05.25"]
[Round "7"]
[White "Tomovski, Leon"]
[Black "Liu, Mio Runhan"]
[Result "1-0"]
[Termination "normal"]
[Board "8"]
[WhiteElo "1297"]
[BlackElo "1101"]
[WhiteClock "01:01:52"]
[BlackClock "00:47:53"]
[PlyCount "61"]
[WhiteFideId "34691790"]
[BlackFideId "34678760"]
[EventCountry "GER"]
[EventRounds "7"]
[EventType "swiss"]
[EventDate "2024.05.21"]

1. e4 {[%clk 01:00:29]} {[%emt 00:00:01]} e5 {[%clk 01:00:26]} {[%emt
00:00:04]} 2. Nf3 {[%clk 01:00:37]} {[%emt 00:00:07]} Nc6 {[%clk 01:00:32]}
{[%emt 00:00:05]} 3. Bc4 {[%clk 01:00:45]} {[%emt 00:00:11]} Bc5 {[%clk
01:00:22]} {[%emt 00:00:21]} 4. c3 {[%clk 01:00:58]} {[%emt 00:00:06]} a5
{[%clk 01:00:31]} {[%emt 00:00:07]} 5. d4 {[%clk 01:01:07]} {[%emt 00:00:04]}
exd4 {[%clk 01:00:29]} {[%emt 00:00:09]} 6. cxd4 {[%clk 01:01:22]} Bb4+ {[%clk
01:00:23]} {[%emt 00:00:28]} 7. Nc3 {[%clk 01:01:28]} {[%emt 00:00:11]} Nf6
{[%clk 01:00:21]} {[%emt 00:00:14]} 8. Bg5 {[%clk 01:01:40]} {[%emt 00:00:05]}
h6 {[%clk 01:00:06]} {[%emt 00:00:31]} 9. Bh4 {[%clk 01:01:50]} {[%emt
00:00:05]} O-O {[%clk 00:59:35]} {[%emt 00:00:46]} 10. e5 {[%clk 01:01:58]}
{[%emt 00:00:07]} Re8 {[%clk 00:59:20]} {[%emt 00:00:27]} 11. O-O {[%clk
01:02:08]} {[%emt 00:00:07]} g5 {[%clk 00:59:06]} {[%emt 00:00:30]} 12. Nxg5
{[%clk 01:02:12]} {[%emt 00:00:11]} Nh7 {[%clk 00:58:26]} {[%emt 00:00:51]} 13.
Bxf7+ {[%clk 01:01:43]} {[%emt 00:00:45]} Kf8 {[%clk 00:57:21]} {[%emt
00:01:02]} 14. Nxh7+ {[%clk 01:01:56]} {[%emt 00:00:21]} Kxf7 {[%clk 00:57:19]}
{[%emt 00:00:17]} 15. Bxd8 {[%clk 01:02:07]} {[%emt 00:00:05]} Nxd8 {[%clk
00:56:58]} {[%emt 00:00:30]} 16. Qh5+ {[%clk 01:02:09]} {[%emt 00:00:18]} Ke7
{[%clk 00:55:57]} {[%emt 00:00:57]} 17. Nd5+ {[%clk 01:02:21]} {[%emt
00:00:23]} Ke6 {[%clk 00:55:32]} {[%emt 00:00:23]} 18. Qxe8+ {[%clk 01:02:25]}
{[%emt 00:00:28]} Kxd5 {[%clk 00:55:17]} {[%emt 00:00:21]} 19. Qxd8 {[%clk
01:02:20]} {[%emt 00:00:28]} Ke6 {[%clk 00:54:37]} {[%emt 00:00:45]} 20. Qxc7
{[%clk 01:01:35]} {[%emt 00:01:09]} Be7 {[%clk 00:53:48]} {[%emt 00:01:05]} 21.
d5+ {[%clk 01:00:58]} {[%emt 00:00:52]} Kf5 {[%clk 00:53:23]} {[%emt 00:00:33]}
22. e6 {[%clk 01:00:57]} {[%emt 00:00:24]} Bd6 {[%clk 00:52:02]} {[%emt
00:01:14]} 23. Qxd6 {[%clk 01:01:02]} {[%emt 00:00:33]} dxe6 {[%clk 00:51:54]}
{[%emt 00:00:14]} 24. dxe6 {[%clk 01:01:05]} {[%emt 00:00:21]} Bxe6 {[%emt
00:00:34]} 25. g4+ {[%emt 00:00:12]} Kg6 {[%clk 00:50:55]} {[%emt 00:00:28]}
26. Qxe6+ {[%clk 01:01:08]} {[%emt 00:00:12]} Kxh7 {[%clk 00:50:26]} {[%emt
00:00:13]} 27. Qf7+ {[%clk 01:01:23]} Kh8 {[%emt 00:01:06]} 28. Rfe1 {[%emt
00:00:09]} b5 {[%clk 00:49:35]} {[%emt 00:00:22]} 29. Rac1 {[%clk 01:01:29]}
{[%emt 00:00:07]} a4 {[%clk 00:48:02]} {[%emt 00:01:44]} 30. Re8+ {[%clk
01:01:37]} {[%emt 00:00:12]} Rxe8 {[%clk 00:47:53]} {[%emt 00:00:17]} 31. Qxe8+
{[%clk 01:01:52]} 1-0

[Event "DEM U8 2024"]
[Site "Willingen GER"]
[Date "2024.05.25"]
[Round "7"]
[White "Yarmish, Tymofeii"]
[Black "Sriram, Aumkar"]
[Result "0-1"]
[Termination "normal"]
[Board "9"]
[WhiteElo "1087"]
[BlackElo "1610"]
[WhiteClock "00:17:19"]
[BlackClock "00:03:50"]
[PlyCount "82"]
[WhiteFideId "34691898"]
[BlackFideId "33460477"]
[EventCountry "GER"]
[EventRounds "7"]
[EventType "swiss"]
[EventDate "2024.05.21"]

1. e4 {[%clk 01:00:29]} e6 {[%clk 01:00:06]} {[%emt 00:00:25]} 2. d4 {[%clk
01:00:34]} {[%emt 00:00:09]} d5 {[%clk 01:00:14]} {[%emt 00:00:07]} 3. e5
{[%clk 01:00:27]} {[%emt 00:00:22]} c5 {[%clk 01:00:20]} {[%emt 00:00:09]} 4.
c3 {[%clk 01:00:34]} {[%emt 00:00:09]} Qb6 {[%clk 01:00:30]} {[%emt 00:00:05]}
5. Nf3 {[%clk 01:00:20]} {[%emt 00:00:28]} Nc6 {[%clk 01:00:33]} {[%emt
00:00:11]} 6. Be2 {[%clk 01:00:09]} {[%emt 00:00:26]} cxd4 {[%clk 01:00:25]}
{[%emt 00:00:24]} 7. cxd4 {[%clk 01:00:14]} {[%emt 00:00:10]} Nge7 {[%clk
01:00:34]} {[%emt 00:00:06]} 8. O-O {[%clk 00:59:49]} {[%emt 00:00:40]} Nf5
{[%clk 00:59:11]} {[%emt 00:01:37]} 9. Be3 {[%clk 00:58:41]} {[%emt 00:01:22]}
Be7 {[%clk 00:58:22]} {[%emt 00:01:05]} 10. Qd2 {[%clk 00:56:09]} {[%emt
00:02:47]} O-O {[%clk 00:56:44]} {[%emt 00:01:54]} 11. Nc3 {[%clk 00:55:06]}
{[%emt 00:01:17]} Bd7 {[%clk 00:53:00]} {[%emt 00:03:59]} 12. a3 {[%clk
00:54:03]} {[%emt 00:01:18]} Na5 {[%clk 00:49:26]} {[%emt 00:03:49]} 13. Rab1
{[%clk 00:50:11]} {[%emt 00:04:07]} Nc4 {[%clk 00:47:07]} {[%emt 00:02:34]} 14.
Bxc4 {[%clk 00:49:32]} {[%emt 00:00:53]} dxc4 {[%clk 00:46:41]} {[%emt
00:00:42]} 15. d5 {[%clk 00:47:01]} {[%emt 00:02:46]} Nxe3 {[%clk 00:46:01]}
{[%emt 00:00:56]} 16. fxe3 {[%clk 00:46:55]} {[%emt 00:00:21]} Bc5 {[%clk
00:44:12]} {[%emt 00:02:04]} 17. Rfe1 {[%clk 00:46:32]} {[%emt 00:00:38]} exd5
{[%clk 00:39:51]} {[%emt 00:04:38]} 18. Nxd5 {[%clk 00:46:16]} {[%emt
00:00:30]} Qd8 {[%clk 00:35:22]} {[%emt 00:04:44]} 19. Kh1 {[%clk 00:45:27]}
{[%emt 00:01:03]} Bg4 {[%clk 00:30:52]} {[%emt 00:04:45]} 20. Rf1 {[%clk
00:41:46]} {[%emt 00:03:56]} Bxf3 {[%clk 00:25:29]} {[%emt 00:05:37]} 21. Rxf3
{[%clk 00:41:36]} {[%emt 00:00:26]} Kh8 {[%clk 00:23:06]} {[%emt 00:02:38]} 22.
Rbf1 {[%clk 00:40:18]} {[%emt 00:01:33]} Qd7 {[%clk 00:19:42]} {[%emt
00:03:40]} 23. b4 {[%clk 00:34:27]} {[%emt 00:06:06]} cxb3 {[%clk 00:18:47]}
{[%emt 00:01:10]} 24. e4 {[%clk 00:34:08]} {[%emt 00:00:33]} Qb5 {[%clk
00:16:16]} {[%emt 00:02:46]} 25. Nc7 {[%clk 00:33:36]} {[%emt 00:00:46]} Rad8
{[%clk 00:15:20]} {[%emt 00:01:12]} 26. Nxb5 {[%clk 00:30:14]} {[%emt
00:03:38]} Rxd2 {[%clk 00:14:55]} {[%emt 00:00:40]} 27. Rxb3 {[%clk 00:30:11]}
{[%emt 00:00:17]} Re2 {[%clk 00:14:26]} {[%emt 00:00:44]} 28. g3 {[%clk
00:28:40]} {[%emt 00:01:45]} Rxe4 {[%clk 00:12:43]} {[%emt 00:01:58]} 29. Nd6
{[%clk 00:25:07]} {[%emt 00:03:48]} Rxe5 {[%clk 00:10:05]} {[%emt 00:02:54]}
30. Nxb7 {[%clk 00:24:38]} {[%emt 00:00:44]} Bb6 {[%clk 00:08:27]} {[%emt
00:01:53]} 31. Nd6 {[%clk 00:24:19]} {[%emt 00:00:34]} Kg8 {[%clk 00:06:27]}
{[%emt 00:02:14]} 32. Nc4 {[%clk 00:24:00]} {[%emt 00:00:34]} Re6 {[%clk
00:05:44]} {[%emt 00:00:58]} 33. Rd1 {[%clk 00:21:49]} {[%emt 00:02:26]} h6
{[%clk 00:05:17]} {[%emt 00:00:42]} 34. Rd7 {[%clk 00:20:07]} {[%emt 00:01:58]}
Re1+ {[%clk 00:05:07]} {[%emt 00:00:24]} 35. Kg2 {[%clk 00:20:11]} {[%emt
00:00:11]} Re2+ {[%clk 00:05:03]} {[%emt 00:00:19]} 36. Kh3 {[%clk 00:20:04]}
{[%emt 00:00:22]} Bg1 {[%clk 00:04:35]} {[%emt 00:00:44]} 37. Kg4 {[%clk
00:19:25]} {[%emt 00:00:53]} Rxh2 {[%clk 00:04:25]} {[%emt 00:00:25]} 38. Nd2
{[%clk 00:18:32]} {[%emt 00:01:08]} f5+ {[%clk 00:03:20]} {[%emt 00:01:21]} 39.
Kf4 {[%clk 00:17:51]} {[%emt 00:00:56]} Rf2+ {[%clk 00:03:27]} {[%emt
00:00:08]} 40. Ke5 {[%clk 00:17:23]} {[%emt 00:00:42]} Re8+ {[%clk 00:03:36]}
{[%emt 00:00:06]} 41. Kd5 {[%clk 00:17:19]} {[%emt 00:00:19]} Rxd2+ {[%clk
00:03:50]} {[%emt 00:00:02]} 0-1

[Event "DEM U8 2024"]
[Site "Willingen GER"]
[Date "2024.05.25"]
[Round "7"]
[White "Guliyev, Kamran"]
[Black "Nune, Likhith Siddharth"]
[Result "0-1"]
[Termination "normal"]
[Board "10"]
[WhiteElo "1106"]
[BlackElo "1517"]
[WhiteClock "00:44:59"]
[BlackClock "00:26:59"]
[PlyCount "66"]
[WhiteFideId "34698809"]
[BlackFideId "34670823"]
[EventCountry "GER"]
[EventRounds "7"]
[EventType "swiss"]
[EventDate "2024.05.21"]

1. e4 {[%clk 01:00:28]} {[%emt 00:00:02]} e5 {[%clk 01:00:25]} {[%emt
00:00:05]} 2. Nf3 {[%clk 01:00:39]} {[%emt 00:00:03]} Nc6 {[%clk 01:00:38]}
{[%emt 00:00:03]} 3. Bc4 {[%clk 01:00:24]} {[%emt 00:00:30]} f5 {[%clk
01:00:46]} {[%emt 00:00:07]} 4. d3 {[%clk 01:00:23]} {[%emt 00:00:16]} Bc5
{[%clk 01:00:55]} {[%emt 00:00:06]} 5. O-O {[%clk 01:00:18]} {[%emt 00:00:20]}
d6 {[%clk 01:01:00]} {[%emt 00:00:10]} 6. exf5 {[%clk 00:59:44]} {[%emt
00:00:49]} Bxf5 {[%clk 01:01:06]} {[%emt 00:00:08]} 7. Be3 {[%clk 00:59:31]}
{[%emt 00:00:29]} Nf6 {[%clk 01:00:25]} {[%emt 00:00:56]} 8. Nbd2 {[%clk
00:59:29]} {[%emt 00:00:17]} Bb6 {[%clk 01:00:15]} {[%emt 00:00:25]} 9. a3
{[%clk 00:59:21]} {[%emt 00:00:24]} d5 {[%clk 01:00:21]} {[%emt 00:00:08]} 10.
Ba2 {[%clk 00:58:48]} {[%emt 00:00:48]} h6 {[%clk 01:00:14]} {[%emt 00:00:22]}
11. h3 {[%clk 00:58:34]} {[%emt 00:00:30]} d4 {[%clk 01:00:16]} {[%emt
00:00:12]} 12. Nxe5 {[%clk 00:57:58]} {[%emt 00:00:51]} Nxe5 {[%clk 00:57:41]}
{[%emt 00:02:50]} 13. Bf4 {[%clk 00:58:05]} {[%emt 00:00:08]} Ng6 {[%clk
00:57:35]} {[%emt 00:00:20]} 14. Re1+ {[%clk 00:58:09]} {[%emt 00:00:12]} Ne7
{[%clk 00:56:15]} {[%emt 00:01:34]} 15. Be5 {[%clk 00:57:53]} {[%emt 00:00:32]}
Qd7 {[%clk 00:56:04]} {[%emt 00:00:26]} 16. Bxf6 {[%clk 00:57:25]} {[%emt
00:00:42]} gxf6 {[%clk 00:56:04]} {[%emt 00:00:16]} 17. Qh5+ {[%clk 00:57:36]}
{[%emt 00:00:04]} Kd8 {[%clk 00:55:17]} {[%emt 00:01:01]} 18. Qf7 {[%clk
00:57:01]} {[%emt 00:00:50]} Ng8 {[%clk 00:53:47]} {[%emt 00:01:45]} 19. Qh5
{[%clk 00:56:37]} {[%emt 00:00:37]} Ne7 {[%clk 00:50:44]} {[%emt 00:03:19]} 20.
Qf7 {[%emt 00:00:43]} Rg8 {[%emt 00:06:09]} 21. Qxf6 {[%clk 00:49:10]} {[%emt
00:00:50]} Rg6 {[%clk 00:48:33]} {[%emt 00:02:26]} 22. Qh8+ {[%clk 00:47:44]}
{[%emt 00:00:23]} Qe8 {[%clk 00:48:25]} {[%emt 00:01:42]} 23. Qe5 {[%clk
00:47:25]} {[%emt 00:00:34]} Bxh3 {[%clk 00:43:18]} {[%emt 00:05:22]} 24. g3
{[%clk 00:47:23]} {[%emt 00:00:17]} Rg5 {[%clk 00:41:19]} {[%emt 00:02:13]} 25.
Qe4 {[%clk 00:46:53]} {[%emt 00:00:43]} Rb8 {[%clk 00:35:57]} {[%emt 00:05:39]}
26. Nc4 {[%clk 00:46:30]} {[%emt 00:00:37]} Bc5 {[%clk 00:32:13]} {[%emt
00:04:00]} 27. b4 {[%clk 00:46:29]} {[%emt 00:00:16]} Bd6 {[%clk 00:32:08]}
{[%emt 00:00:20]} 28. Nxd6 {[%emt 00:00:19]} cxd6 {[%clk 00:32:11]} {[%emt
00:00:10]} 29. Qxd4 {[%clk 00:46:31]} {[%emt 00:00:11]} Qc6 {[%clk 00:30:50]}
{[%emt 00:01:36]} 30. f3 {[%clk 00:46:05]} {[%emt 00:00:41]} Rxg3+ {[%clk
00:27:19]} {[%emt 00:03:46]} 31. Kh2 {[%clk 00:45:13]} {[%emt 00:01:07]} Rg2+
{[%clk 00:27:20]} {[%emt 00:00:13]} 32. Kxh3 {[%clk 00:45:19]} {[%emt
00:00:08]} Qxf3+ {[%clk 00:27:21]} {[%emt 00:00:14]} 33. Kh4 {[%clk 00:44:59]}
{[%emt 00:00:37]} Rh2# {[%clk 00:26:59]} {[%emt 00:00:21]} 0-1

[Event "DEM U8 2024"]
[Site "Willingen GER"]
[Date "2024.05.25"]
[Round "7"]
[White "Weis, Robert"]
[Black "Chaganti, Prahasith Reddy"]
[Result "0-1"]
[Termination "normal"]
[Board "11"]
[WhiteElo "1082"]
[BlackElo "1305"]
[WhiteClock "00:28:38"]
[BlackClock "00:21:02"]
[PlyCount "102"]
[WhiteFideId "1362810"]
[BlackFideId "34697586"]
[EventCountry "GER"]
[EventRounds "7"]
[EventType "swiss"]
[EventDate "2024.05.21"]

1. e4 {[%clk 01:00:28]} {[%emt 00:00:02]} c5 {[%clk 01:00:04]} {[%emt
00:00:25]} 2. Nf3 {[%clk 01:00:38]} {[%emt 00:00:06]} Nc6 {[%clk 01:00:00]}
{[%emt 00:00:19]} 3. d4 {[%clk 01:00:48]} {[%emt 00:00:07]} cxd4 {[%clk
00:59:55]} {[%emt 00:00:18]} 4. Nxd4 {[%clk 01:00:55]} {[%emt 00:00:08]} g6
{[%clk 00:59:54]} {[%emt 00:00:16]} 5. Nc3 {[%clk 01:01:04]} {[%emt 00:00:07]}
Bg7 {[%clk 00:59:46]} {[%emt 00:00:22]} 6. Be3 {[%clk 01:01:08]} {[%emt
00:00:12]} Nf6 {[%clk 00:59:15]} {[%emt 00:00:38]} 7. Bc4 {[%clk 01:00:36]}
{[%emt 00:00:55]} O-O {[%clk 00:58:45]} {[%emt 00:00:41]} 8. Bb3 {[%clk
01:00:33]} {[%emt 00:00:21]} Qa5 {[%clk 00:58:00]} {[%emt 00:00:58]} 9. f3
{[%clk 00:57:24]} {[%emt 00:03:27]} d6 {[%clk 00:56:15]} {[%emt 00:01:58]} 10.
Qd2 {[%clk 00:56:03]} {[%emt 00:01:27]} a6 {[%clk 00:52:52]} {[%emt 00:03:49]}
11. O-O-O {[%clk 00:55:44]} {[%emt 00:00:34]} Bd7 {[%clk 00:50:48]} {[%emt
00:02:18]} 12. Kb1 {[%clk 00:53:13]} {[%emt 00:02:47]} b5 {[%clk 00:49:14]}
{[%emt 00:01:47]} 13. a3 {[%clk 00:52:19]} {[%emt 00:01:12]} Rfb8 {[%clk
00:47:21]} {[%emt 00:02:06]} 14. Nxc6 {[%clk 00:51:38]} {[%emt 00:00:57]} Bxc6
{[%clk 00:46:51]} {[%emt 00:00:44]} 15. Nd5 {[%clk 00:51:18]} {[%emt 00:00:36]}
Qxd2 {[%clk 00:45:27]} {[%emt 00:01:39]} 16. Rxd2 {[%clk 00:51:03]} {[%emt
00:00:31]} Nxd5 {[%clk 00:44:59]} {[%emt 00:00:43]} 17. Rxd5 {[%clk 00:50:03]}
{[%emt 00:01:14]} b4 {[%clk 00:43:19]} {[%emt 00:01:55]} 18. a4 {[%clk
00:48:27]} {[%emt 00:01:52]} Bxd5 {[%clk 00:42:12]} {[%emt 00:01:21]} 19. Bxd5
{[%clk 00:48:01]} {[%emt 00:00:40]} a5 {[%clk 00:39:36]} {[%emt 00:02:52]} 20.
Bxa8 {[%clk 00:47:50]} {[%emt 00:00:25]} Rxa8 {[%clk 00:39:48]} {[%emt
00:00:03]} 21. Rd1 {[%clk 00:47:44]} {[%emt 00:00:21]} Rb8 {[%clk 00:38:57]}
{[%emt 00:01:07]} 22. b3 {[%clk 00:47:46]} {[%emt 00:00:14]} Ra8 {[%clk
00:35:03]} {[%emt 00:04:08]} 23. Bb6 {[%clk 00:47:25]} {[%emt 00:00:36]} Ra6
{[%clk 00:32:10]} {[%emt 00:03:04]} 24. Bd8 {[%clk 00:47:11]} {[%emt 00:00:32]}
e6 {[%clk 00:31:52]} {[%emt 00:00:33]} 25. g3 {[%emt 00:01:29]} Kf8 {[%clk
00:30:00]} {[%emt 00:02:02]} 26. Bxa5 {[%clk 00:40:40]} {[%emt 00:05:38]} Rxa5
{[%clk 00:28:54]} {[%emt 00:01:20]} 27. Rxd6 {[%clk 00:40:41]} {[%emt
00:00:13]} Ke7 {[%clk 00:28:23]} {[%emt 00:00:44]} 28. Rb6 {[%clk 00:39:50]}
{[%emt 00:01:08]} Bc3 {[%clk 00:28:28]} {[%emt 00:00:10]} 29. f4 {[%clk
00:37:52]} {[%emt 00:02:14]} Rh5 {[%clk 00:27:23]} {[%emt 00:01:19]} 30. h4
{[%clk 00:36:29]} {[%emt 00:01:39]} Ra5 {[%clk 00:26:42]} {[%emt 00:00:54]} 31.
g4 {[%clk 00:34:58]} {[%emt 00:01:47]} f6 {[%clk 00:25:24]} {[%emt 00:01:30]}
32. Rb7+ {[%clk 00:34:06]} {[%emt 00:01:10]} Kf8 {[%clk 00:23:27]} {[%emt
00:02:09]} 33. Rxh7 {[%clk 00:33:34]} {[%emt 00:00:51]} f5 {[%clk 00:23:10]}
{[%emt 00:00:31]} 34. exf5 {[%clk 00:32:05]} {[%emt 00:01:43]} gxf5 {[%clk
00:23:08]} {[%emt 00:00:17]} 35. Rh5 {[%emt 00:00:19]} Rd5 {[%clk 00:22:02]}
{[%emt 00:01:18]} 36. Kc1 {[%clk 00:31:13]} {[%emt 00:01:06]} Bd2+ {[%clk
00:22:07]} {[%emt 00:00:10]} 37. Kd1 {[%clk 00:30:30]} {[%emt 00:00:59]} Bxf4+
{[%clk 00:22:12]} {[%emt 00:00:10]} 38. Ke2 {[%clk 00:30:35]} {[%emt 00:00:10]}
fxg4 {[%clk 00:21:25]} {[%emt 00:01:02]} 39. Rxd5 {[%clk 00:30:33]} {[%emt
00:00:17]} exd5 {[%clk 00:21:33]} {[%emt 00:00:07]} 40. a5 {[%clk 00:30:28]}
{[%emt 00:00:20]} Bc7 {[%clk 00:20:43]} {[%emt 00:01:04]} 41. a6 {[%clk
00:30:17]} {[%emt 00:00:27]} Bb6 {[%clk 00:20:37]} {[%emt 00:00:20]} 42. Kf1
{[%clk 00:30:04]} {[%emt 00:00:28]} Kg7 {[%clk 00:20:25]} {[%emt 00:00:27]} 43.
Kg2 {[%clk 00:29:31]} {[%emt 00:00:48]} Kg6 {[%clk 00:20:31]} {[%emt 00:00:09]}
44. Kh2 {[%clk 00:29:11]} {[%emt 00:00:34]} Kh5 {[%clk 00:20:31]} {[%emt
00:00:15]} 45. Kg3 {[%clk 00:28:43]} {[%emt 00:00:44]} Ba7 {[%clk 00:20:39]}
{[%emt 00:00:07]} 46. Kh2 {[%clk 00:28:25]} {[%emt 00:00:32]} Kxh4 {[%clk
00:20:44]} {[%emt 00:00:11]} 47. c4 {[%clk 00:28:26]} {[%emt 00:00:15]} bxc3
{[%clk 00:20:43]} {[%emt 00:00:16]} 48. b4 {[%clk 00:28:31]} {[%emt 00:00:10]}
c2 {[%clk 00:20:40]} {[%emt 00:00:18]} 49. b5 {[%clk 00:28:30]} {[%emt
00:00:16]} c1=Q {[%clk 00:20:48]} {[%emt 00:00:08]} 50. b6 {[%clk 00:28:37]}
{[%emt 00:00:08]} Bxb6 {[%clk 00:20:56]} {[%emt 00:00:07]} 51. a7 {[%clk
00:28:38]} {[%emt 00:00:14]} Qg1# {[%clk 00:21:02]} {[%emt 00:00:08]} 0-1